Back Office Management für Banken und Finanzorganisationen

Gespeichert in:
Bibliographische Detailangaben
1. Verfasser: Bernet, Beat
Format: Buch
Sprache:Deutsch
Veröffentlicht: Stuttgart Schäffer-Poeschel 1993
Ausgabe:1. Aufl.
Schlagworte:
Tags: Tag hinzufügen
Keine Tags, Fügen Sie das erste Tag hinzu!

MARC

LEADER 00000nam a2200000 4500
001 c011854
005 20221206075420.9
020 |a 3-7910-0693-2 
041 0 |a ger 
044 |a DE 
245 1 0 |a Back Office Management für Banken und Finanzorganisationen  |c Beat Bernet 
250 |a 1. Aufl. 
264 1 |a Stuttgart  |b Schäffer-Poeschel  |c 1993 
300 |a 182 s. 
610 2 0 |a manažment 
610 2 0 |a banky 
610 2 0 |a trh 
610 2 0 |a zákazníci 
610 2 0 |a operácie bankové 
610 2 0 |a opcie 
610 2 0 |a riadenie strategické 
610 2 0 |a modely 
610 2 0 |a produktivita práce 
610 2 0 |a obchod 
610 2 0 |a klíring 
610 2 0 |a papiere cenné 
100 1 |a Bernet, Beat